Affordable housing initiatives in Uttar Pradesh: the challenge and opportunities (Record no. 513842)

000 -LEADER
fixed length control field 00495nam a22001457a 4500
008 - FIXED-LENGTH DATA ELEMENTS--GENERAL INFORMATION
fixed length control field 200907b ||||| |||| 00| 0 eng d
100 ## - MAIN ENTRY--PERSONAL NAME
Personal name Gokarn, Nitin Ramesh
245 ## - TITLE STATEMENT
Title Affordable housing initiatives in Uttar Pradesh: the challenge and opportunities
260 ## - PUBLICATION, DISTRIBUTION, ETC. (IMPRINT)
Place of publication, distribution, etc The Administrator
300 ## - PHYSICAL DESCRIPTION
Extent 60(1), Jan 2020. p. 1-23
650 ## - SUBJECT ADDED ENTRY--TOPICAL TERM
Topical term or geographic name as entry element City Planning, Slums - India - Uttar Pradesh
9 (RLIN) 17592
773 ## - HOST ITEM ENTRY
Main entry heading The Administrator
906 ## - LOCAL DATA ELEMENT F, LDF (RLIN)
Subject DIP HOUSING - INDIA - UTTAR PRADESH
942 ## - ADDED ENTRY ELEMENTS (KOHA)
Item type Articles
Holdings
Withdrawn status Lost status Source of classification or shelving scheme Damaged status Not for loan Permanent location Current location Date acquired Serial Enumeration / chronology Barcode Date last seen Koha item type
          Indian Institute of Public Administration Indian Institute of Public Administration 2020-09-07 60(1), Jan 2020. p. 1-23 AR122932 2020-09-07 Articles

Powered by Koha